| Tag |
First Indicator |
Second Indicator |
Subfields |
| LEADER |
00000cam a2200000 a 4500 |
| 001 |
in00002355310 |
| 005 |
20151108073220.0 |
| 008 |
070713s2007 nyua b 001 0 eng |
| 010 |
|
|
|a 2007028942
|
| 020 |
|
|
|a 9780807748237 (pbk. : alk. paper)
|
| 020 |
|
|
|a 0807748234 (pbk. : alk. paper)
|
| 020 |
|
|
|a 9780807748244 (cloth : alk. paper)
|
| 020 |
|
|
|a 0807748242 (cloth : alk. paper)
|
| 035 |
|
|
|a (OCoLC)ocn156785010
|
| 035 |
|
|
|a (OCoLC)156785010
|
| 040 |
|
|
|a DLC
|c DLC
|d YDX
|d BAKER
|d BTCTA
|d YDXCP
|d UtOrBLW
|
| 049 |
|
|
|a TXAM
|
| 050 |
0 |
0 |
|a LB1575
|b .L36 2007
|
| 082 |
0 |
0 |
|a 372.64/044
|2 22
|
| 100 |
1 |
|
|a Lehman, Barbara A.
|
| 245 |
1 |
0 |
|a Children's literature and learning :
|b literary study across the curriculum /
|c Barbara A. Lehman ; foreword by Janet Hickman.
|
| 264 |
|
1 |
|a New York, NY :
|b Teachers College Press,
|c [2007]
|
| 264 |
|
4 |
|c ©2007
|
| 300 |
|
|
|a xii, 148 pages :
|b illustrations ;
|c 24 cm.
|
| 336 |
|
|
|a text
|b txt
|2 rdacontent
|
| 337 |
|
|
|a unmediated
|b n
|2 rdamedia
|
| 338 |
|
|
|a volume
|b nc
|2 rdacarrier
|
| 490 |
1 |
|
|a Language and literacy series
|
| 504 |
|
|
|a Includes bibliographical references (pages 115-140) and index.
|
| 505 |
0 |
|
|a Theory and framework for literary study with children -- Literary learning and children's literature -- Instructional methods for literary teaching -- Skills instruction and children's literature -- Literary learning and the whole curriculum -- The classroom environment and literary learning -- The teacher's role -- Getting started, moving ahead.
|
| 650 |
|
0 |
|a Literature
|x Study and teaching (Elementary)
|
| 650 |
|
0 |
|a Reading (Elementary)
|
| 650 |
|
0 |
|a Children
|x Books and reading.
|
| 856 |
4 |
1 |
|3 Table of contents
|u http://www.loc.gov/catdir/toc/fy0802/2007028942.html
|t 0
|
| 830 |
|
0 |
|a Language and literacy series.
|
| 938 |
|
|
|a Baker & Taylor
|b BKTY
|c 22.95
|d 22.95
|i 0807748234
|n 0007381544
|s active
|
| 938 |
|
|
|a Baker & Taylor
|b BKTY
|c 50.00
|d 50.00
|i 0807748242
|n 0007381545
|s active
|
| 938 |
|
|
|a Baker and Taylor
|b BTCP
|n BK0007381545
|
| 938 |
|
|
|a YBP Library Services
|b YANK
|n 2596402
|
| 945 |
|
|
|a PromptCat
|b 327255
|
| 946 |
|
|
|a stk
|
| 947 |
|
|
|a A14836564746
|
| 994 |
|
|
|a 92
|b TXA
|
| 948 |
|
|
|a cataloged
|b h
|c 2008/2/8
|d c
|e asalazar
|f 12:57:57 pm
|
| 999 |
|
|
|a MARS
|
| 999 |
f |
f |
|s dd85acd0-1cd1-34d2-8999-e67124af68db
|i b63b7b4f-b47d-30c2-885a-f0b73f01d436
|t 0
|
| 952 |
f |
f |
|p normal
|a Texas A&M University
|b College Station
|c Sterling C. Evans Library
|d Evans: Library Stacks
|t 0
|e LB1575 .L36 2007
|h Library of Congress classification
|i unmediated -- volume
|m A14836564746
|
| 998 |
f |
f |
|a LB1575 .L36 2007
|t 0
|l Evans: Library Stacks
|